Summaries Of Papers (Record no. 1367688)

MARC details
000 -LEADER
fixed length control field 00624nam a2200277Ia 4500
008 - FIXED-LENGTH DATA ELEMENTS--GENERAL INFORMATION
fixed length control field 160321s9999||||xx |||||||||||||| ||und||
040 ## - CATALOGING SOURCE
Transcribing agency English
082 ## - DEWEY DECIMAL CLASSIFICATION NUMBER
Classification number XVN/AIOC
082 ## - DEWEY DECIMAL CLASSIFICATION NUMBER
Item number BORI-65849
100 ## - MAIN ENTRY--PERSONAL NAME
Personal name A. S. Altekar
245 ## - TITLE STATEMENT
Title Summaries Of Papers
260 ## - PUBLICATION, DISTRIBUTION, ETC. (IMPRINT)
Date of publication, distribution, etc 1943
300 ## - PHYSICAL DESCRIPTION
Extent XI+175
300 ## - PHYSICAL DESCRIPTION
Dimensions B
300 ## - PHYSICAL DESCRIPTION
Accompanying material Paperback
530 ## - ADDITIONAL PHYSICAL FORM AVAILABLE NOTE
Availability source Avasare
530 ## - ADDITIONAL PHYSICAL FORM AVAILABLE NOTE
Uniform Resource Identifier <a href="00105796.PDF">00105796.PDF</a>
563 ## - BINDING INFORMATION
Binding note Reference
600 ## - SUBJECT ADDED ENTRY--PERSONAL NAME
Personal name A. S. Altekar
630 ## - SUBJECT ADDED ENTRY--UNIFORM TITLE
Uniform title Summaries Of Papers
650 ## - SUBJECT ADDED ENTRY--TOPICAL TERM
Topical term or geographic name as entry element Reference
650 ## - SUBJECT ADDED ENTRY--TOPICAL TERM
Topical term or geographic name as entry element Reports
700 ## - ADDED ENTRY--PERSONAL NAME
Personal name A. S. Altekar
730 ## - ADDED ENTRY--UNIFORM TITLE
Uniform title Summaries Of Papers
942 ## - ADDED ENTRY ELEMENTS (KOHA)
Koha item type Book
Holdings
Withdrawn status Lost status Damaged status Not for loan Home library Current library Date acquired Total Checkouts Full call number Barcode Date last seen Price effective from Koha item type
        Bhandarkar Oriental Research Institute, Pune Bhandarkar Oriental Research Institute, Pune 12/11/1990   BORI-65849 BORI-65849 03/21/2016 03/21/2016 Book